00691nam a2200193Ia 4500003000900000008004100009020001800050040001600068080002400084100002500108245012500133260003100258300002300289650004100312650001600353942000700369999001500376952010600391IN-BaIIA211028s9999 xx 000 0 eng d a0-306-35727-5 cIIA Library a624.834(082.1)bTOP aDe Sabbata, V910167 0aTopics in theoretical and experimental gravitation physicscV. De Sabbata  aLondonbPlenum Pressc1977 a[various pagings.] aAstronomy and astrophysics thesaurus aGravitation cBK c5861d5861 00104070aBANbBANcGENd1978-07-25l0o624.834(082.1)/ TOPp6555r2021-11-05w1978-07-25yBKG37.5